000 00568nam a2200157 4500
001 125768
003 ES-MaACL
005 20230906192709.0
007 t|
008 070214s1927 sp r ||||1| spa d
100 1 _aRaurich y Sas, Fidel-Enrique.
_995555
245 1 0 _aFundamentos del p.H. p.R.
_b: discurso leído en la inaguración del curso académico de 1927 a 1928 /
_cpor Fidel-Enrique Raurich y Sas.
260 _aSantiago de Compostela :
_b[s.n.],
_c1927 (
_fTip. Jacobo Rey González)
300 _a48 p. ;
_c31 cm.
852 _aES-MaACL
_j1846-F-38
_bR.20317
999 _c125768
_d125768